000 00349nam a2200133Ia 4500
008 240624s9999 xx 000 0 und d
041 _aeng
082 _a332 QUE
100 _aQUENNOUELLE CORRE LAURE
245 _aFINANCIAL CENTRES AND INTERNATIONAL CAPI
260 _c2011
_aUSA
_bOxford University Press
300 _a288 : p.
365 _cGBP
_b29
999 _c19822
_d19822